Marine fisheries ecology

Gorde:
Xehetasun bibliografikoak
Egile Nagusiak: Jennings, Simon (Egilea), Kaiser, Michel J (Egilea), Reynolds, John D (Egilea)
Formatua: Liburua
Hizkuntza:ingelesa
Argitaratua: Oxford Blackwell Science 2001
Gaiak:
Etiketak: Etiketa erantsi
Etiketarik gabe, Izan zaitez lehena erregistro honi etiketa jartzen!

MARC

LEADER 00000nam a2200000 a 4500
001 UCM1258
003 CL-VaPUC
008 020328e20010000UK |||||||||||||||||eng|d
082 0 4 |a 333.956  |b JEN  |2 21 
100 |a Jennings, Simon  |e author  |9 468305 
700 |a Kaiser, Michel J  |e author  |9 468306 
700 0 |a Reynolds, John D  |e author  |9 468292 
245 1 0 |a Marine fisheries ecology 
300 |a 417 p 
942 |c BK 
945 |d 20020328 00:00:00  |a cmena 
260 |a Oxford  |b Blackwell Science  |c 2001 
650 7 |a PECES MARINOS - ECOLOGIA  |2 CL-VaPUC  |9 468293 
650 0 |a Industria pesquera  |9 255432 
583 |a last modification  |c 20020328 00:00:00  |k Rodrigo Vera 
999 |c 299849  |d 299847 
952 |0 0  |1 0  |4 0  |6 333_956000000000000_JEN_2001  |7 0  |8 CCM  |9 356834  |a BIBCUR  |b BIBCUR  |d 2019-11-21  |i 3801896  |o 333.956 JEN 2001  |p 3801896  |r 2025-04-22  |w 2019-11-21  |y BK  |k RNT